[Event "Olimpiada de Khanty-Mansiysk 2010"]
[Site "Khanty-Mansiysk RUS"]
[Date "2010.09.23"]
[Round "3.2"]
[White "Pace, Colin"]
[Black "Lee, Kiyul"]
[Result "1-0"]
[WhiteElo "2161"]
[BlackElo "1971"]
[PlyCount "129"]
[EventDate "2010.09.21"]
[EventType "team"]
[EventRounds "11"]
[EventCountry "RUS"]
[Source "lmi"]
[SourceDate "2010.09.21"]
[WhiteTeam "Malta"]
[BlackTeam "Corea"]
[WhiteTeamCountry "MLT"]
[BlackTeamCountry "KOR"]

1. e4 e5 2. Nf3 Nc6 3. Bc4 Bc5 4. c3 Nf6 5. d3 O-O 6. Bg5 d6 7. Nbd2 Be6 8. b4
Bb6 9. O-O a6 10. Bb3 Qe7 11. Nc4 Ba7 12. Ne3 h6 13. Bh4 g5 14. Bg3 Bxe3 15.
fxe3 Ng4 16. Qe2 Bxb3 17. axb3 f5 18. exf5 Rxf5 19. Nh4 Rxf1+ 20. Rxf1 Nxe3 21.
Qxe3 gxh4 22. Qxh6 Rf8 23. Qg6+ Qg7 24. Qxg7+ Kxg7 25. Rxf8 Kxf8 26. Bxh4 b5
27. Kf2 Kf7 28. Ke3 d5 29. Bg3 Kf6 30. d4 exd4+ 31. cxd4 Nxb4 32. Bxc7 Nc2+ 33.
Kf4 Ke6 34. Bb6 Na1 35. b4 Nc2 36. Bc5 Ne1 37. g4 Kf6 38. h4 Nd3+ 39. Ke3 Ne1
40. Kf2 Nd3+ 41. Kg3 Ne1 42. h5 Nd3 43. h6 Kg6 44. g5 Ne1 45. Kg4 Nd3 46. h7
Kxh7 47. Kf5 Kg7 48. Bd6 Kf7 49. g6+ Kg7 50. Ke6 Kxg6 51. Kxd5 Kf5 52. Kc6 Ke4
53. d5 Kd4 54. Bc5+ Ke5 55. d6 Ke6 56. Kc7 Ne5 57. Kb6 Kd7 58. Kxa6 Kc6 59. Ka7
Nd3 60. Kb8 Ne5 61. Kc8 Nd7 62. Kd8 Nxc5 63. bxc5 b4 64. d7 b3 65. Kc8 1-0

[Event "Olimpiada de Khanty-Mansiysk 2010"]
[Site "Khanty-Mansiysk RUS"]
[Date "2010.09.23"]
[Round "3.3"]
[White "Choi, Junil"]
[Black "Gauci, Joseph"]
[Result "0-1"]
[WhiteElo "1820"]
[BlackElo "2099"]
[PlyCount "70"]
[EventDate "2010.09.21"]
[EventType "team"]
[EventRounds "11"]
[EventCountry "RUS"]
[Source "lmi"]
[SourceDate "2010.09.21"]
[WhiteTeam "Corea"]
[BlackTeam "Malta"]
[WhiteTeamCountry "KOR"]
[BlackTeamCountry "MLT"]

1. e4 c5 2. Nf3 e6 3. b3 b6 4. d4 cxd4 5. Nxd4 a6 6. Bb2 Bb7 7. Bd3 Nf6 8. Nd2
Be7 9. O-O d6 10. f4 Nc6 11. Nxc6 Bxc6 12. Qe2 b5 13. Rac1 O-O 14. c4 Qb6+ 15.
Kh1 Rad8 16. Bxf6 Bxf6 17. e5 dxe5 18. Ne4 Bxe4 19. Qxe4 g6 20. fxe5 Bxe5 21.
Rf3 Bg7 22. cxb5 axb5 23. Qb4 Rb8 24. Rcf1 f5 25. Rh3 Rfd8 26. Qh4 h6 27. Rg3
Kh7 28. Qe7 Rb7 29. Qb4 Rd4 30. Qa3 Ra7 31. Qc1 Rxa2 32. Qb1 Rd2 33. h4 Rxh4+
34. Rh3 Rxh3+ 35. gxh3 Qe3 0-1

[Event "Olimpiada de Khanty-Mansiysk 2010"]
[Site "Khanty-Mansiysk RUS"]
[Date "2010.09.23"]
[Round "3.4"]
[White "Vella, Duncan"]
[Black "Chogdov, Munkhbat"]
[Result "0-1"]
[WhiteElo "2041"]
[BlackElo "2236"]
[PlyCount "50"]
[EventDate "2010.09.21"]
[EventType "team"]
[EventRounds "11"]
[EventCountry "RUS"]
[Source "lmi"]
[SourceDate "2010.09.21"]
[WhiteTeam "Malta"]
[BlackTeam "Corea"]
[WhiteTeamCountry "MLT"]
[BlackTeamCountry "KOR"]

1. e4 e6 2. d4 d5 3. Nd2 Nf6 4. e5 Nfd7 5. Bd3 c5 6. c3 Nc6 7. Ne2 Qb6 8. Nf3
Be7 9. O-O f6 10. exf6 Nxf6 11. Re1 O-O 12. Nf4 cxd4 13. cxd4 Bd6 14. Nxe6 Re8
15. Neg5 Bg4 16. h3 Bd7 17. Rxe8+ Rxe8 18. Nxh7 Nxh7 19. Bxh7+ Kxh7 20. Ng5+
Kg6 21. g4 Qxd4 22. Qc2+ Kf6 23. Bd2 Re2 24. Nh7+ Kf7 25. Ng5+ Ke7 0-1

[Event "Olimpiada de Khanty-Mansiysk 2010"]
[Site "Khanty-Mansiysk RUS"]
[Date "2010.09.23"]
[Round "3.3"]
[White "Teerapabpaisit, Wisuwat"]
[Black "Thompson, Edward Nii Lamp"]
[Result "1-0"]
[WhiteElo "2310"]
[BlackElo "1831"]
[PlyCount "80"]
[EventDate "2010.09.21"]
[EventType "team"]
[EventRounds "11"]
[EventCountry "RUS"]
[Source "lmi"]
[SourceDate "2010.09.21"]
[WhiteTeam "Tailandia"]
[BlackTeam "Ghana"]
[WhiteTeamCountry "THA"]
[BlackTeamCountry "GHA"]

1. e4 d6 2. d4 Nf6 3. Nc3 g6 4. f3 Bg7 5. Be3 O-O 6. Qd2 e5 7. Nge2 Nc6 8.
O-O-O Qe7 9. d5 Nb8 10. g4 h5 11. h3 Na6 12. Bg5 Kh7 13. Ng3 Qd7 14. Bb5 c6 15.
Bxa6 bxa6 16. dxc6 Qxc6 17. Qxd6 Qxd6 18. Rxd6 Be6 19. Rxa6 Rfc8 20. Rd1 hxg4
21. hxg4 Rc5 22. Be3 Rc7 23. Nb5 Rb7 24. Nd6 Rc7 25. b3 Bc8 26. Nxc8 Raxc8 27.
c4 Ra8 28. Ne2 Nd7 29. Rd5 Nb8 30. Rd8 Nxa6 31. Rxa8 Nb4 32. Nc3 Rd7 33. Nd5
Nc6 34. b4 Nd4 35. Bxd4 exd4 36. c5 f5 37. c6 Rf7 38. exf5 gxf5 39. g5 Be5 40.
f4 Bd6 1-0

[Event "Olimpiada de Khanty-Mansiysk 2010"]
[Site "Khanty-Mansiysk RUS"]
[Date "2010.09.23"]
[Round "3.4"]
[White "Hoogendijk, Cornelis Will"]
[Black "Tuamsang, Sawapop"]
[Result "1/2-1/2"]
[WhiteElo "1889"]
[BlackElo "1984"]
[PlyCount "86"]
[EventDate "2010.09.21"]
[EventType "team"]
[EventRounds "11"]
[EventCountry "RUS"]
[Source "lmi"]
[SourceDate "2010.09.21"]
[WhiteTeam "Ghana"]
[BlackTeam "Tailandia"]
[WhiteTeamCountry "GHA"]
[BlackTeamCountry "THA"]

1. e4 c5 2. Nf3 Nc6 3. d4 cxd4 4. Nxd4 Nf6 5. Nc3 d6 6. Be2 g6 7. O-O Bg7 8.
Be3 O-O 9. h3 Bd7 10. Qd2 Rc8 11. Nb3 a6 12. f4 b5 13. a3 Be6 14. Bf3 Bxb3 15.
cxb3 Na5 16. Bd1 Nd7 17. Nd5 e6 18. Ne7+ Qxe7 19. Qxa5 Rc6 20. Rb1 Nc5 21. Bxc5
dxc5 22. e5 Qd8 23. Qc3 Qb6 24. Bf3 Rcc8 25. Rbd1 Rfd8 26. Kh1 Bf8 27. Qc2 a5
28. Rxd8 Rxd8 29. Rd1 Be7 30. Rxd8+ Qxd8 31. Qd1 f6 32. Qe2 Qd7 33. a4 bxa4 34.
bxa4 Kf7 35. b3 Qd4 36. exf6 Bxf6 37. Qc4 Qa1+ 38. Kh2 Bd4 39. Qe2 Qg1+ 40. Kg3
Bc3 41. Bg4 Qe1+ 42. Qxe1 Bxe1+ 43. Kh2 Bd2 1/2-1/2

[Event "Olimpiada de Khanty-Mansiysk 2010"]
[Site "Khanty-Mansiysk RUS"]
[Date "2010.09.23"]
[Round "3.1"]
[White "Gilruth, Peter"]
[Black "Faulks, Nick"]
[Result "1-0"]
[WhiteElo "2202"]
[BlackElo "2109"]
[PlyCount "59"]
[EventDate "2010.09.21"]
[EventType "team"]
[EventRounds "11"]
[EventCountry "RUS"]
[Source "lmi"]
[SourceDate "2010.09.21"]
[WhiteTeam "Kenia"]
[BlackTeam "Bermuda"]
[WhiteTeamCountry "KEN"]
[BlackTeamCountry "BER"]

1. Nf3 c5 2. c4 Nf6 3. Nc3 e6 4. g3 b6 5. Bg2 Bb7 6. O-O Be7 7. Re1 d6 8. e4
O-O 9. d4 cxd4 10. Nxd4 Qc7 11. b3 a6 12. Bb2 Nbd7 13. Qe2 Rfe8 14. Rad1 Bf8
15. h3 Rad8 16. Kh2 g6 17. Nc2 h5 18. f4 h4 19. g4 g5 20. Qf2 Bh6 21. Kh1 Qc5
22. Qxc5 dxc5 23. f5 exf5 24. exf5 Bxg2+ 25. Kxg2 Bg7 26. Rxe8+ Rxe8 27. Re1
Rxe1 28. Nxe1 Ne4 29. Nxe4 Bxb2 30. Nxg5 1-0

[Event "Olimpiada de Khanty-Mansiysk 2010"]
[Site "Khanty-Mansiysk RUS"]
[Date "2010.09.23"]
[Round "3.3"]
[White "Mukabi, John"]
[Black "Bacchas, Clevert"]
[Result "1-0"]
[WhiteElo "2074"]
[BlackElo "1871"]
[PlyCount "99"]
[EventDate "2010.09.21"]
[EventType "team"]
[EventRounds "11"]
[EventCountry "RUS"]
[Source "lmi"]
[SourceDate "2010.09.21"]
[WhiteTeam "Kenia"]
[BlackTeam "Bermuda"]
[WhiteTeamCountry "KEN"]
[BlackTeamCountry "BER"]

1. e4 e6 2. d4 d5 3. Nd2 Nf6 4. e5 Nfd7 5. Bd3 b6 6. Ne2 c5 7. c3 Ba6 8. Bxa6
Nxa6 9. O-O Be7 10. f4 g6 11. Nf3 Nc7 12. Be3 O-O 13. g4 f5 14. gxf5 gxf5 15.
Ng5 Bxg5 16. fxg5 Qe8 17. Nf4 Kh8 18. Kh1 Rg8 19. Rg1 cxd4 20. cxd4 Nf8 21. Qf3
Ng6 22. Ng2 Qf7 23. h4 Raf8 24. h5 Ne7 25. Nf4 Rg7 26. Rg2 Rfg8 27. Rc1 Ne8 28.
Rcg1 Nc7 29. h6 Rg6 30. Nxg6+ Nxg6 31. Qf2 Rc8 32. Rc1 f4 33. Bxf4 Nxf4 34. Rg4
Rf8 35. Rxf4 Qxf4 36. Qxf4 Rxf4 37. Rxc7 Kg8 38. Rg7+ Kf8 39. Rxh7 Rh4+ 40. Kg2
Rg4+ 41. Kf3 Rxg5 42. Rxa7 Kg8 43. Rg7+ Rxg7 44. hxg7 Kxg7 45. a4 Kf7 46. Kf4
Ke7 47. Kg5 Kf7 48. b4 Kg7 49. a5 bxa5 50. bxa5 1-0

[Event "Olimpiada de Khanty-Mansiysk 2010"]
[Site "Khanty-Mansiysk RUS"]
[Date "2010.09.23"]
[Round "3.1"]
[White "Sanon, Mondoly"]
[Black "Antoniou, Antonis"]
[Result "*"]
[WhiteElo "2120"]
[BlackElo "2172"]
[PlyCount "92"]
[EventDate "2010.09.21"]
[EventType "team"]
[EventRounds "11"]
[EventCountry "RUS"]
[Source "lmi"]
[SourceDate "2010.09.21"]
[WhiteTeam "Haití"]
[BlackTeam "Chipre"]
[WhiteTeamCountry "HAI"]
[BlackTeamCountry "CYP"]

1. e4 e5 2. Nf3 Nc6 3. d4 exd4 4. Nxd4 Bc5 5. Nxc6 Qf6 6. Qf3 dxc6 7. Qxf6 Nxf6
8. Bd3 Be6 9. Nc3 Ng4 10. O-O O-O-O 11. Bf4 Bd4 12. h3 Ne5 13. Bxe5 Bxe5 14. a3
c5 15. Rfd1 c4 16. Be2 c6 17. Rxd8+ Rxd8 18. Rd1 Bxc3 19. bxc3 Rxd1+ 20. Bxd1
Kc7 21. Kf1 Kb6 22. f4 f5 23. exf5 Bxf5 24. g4 Be6 25. f5 Bf7 26. Ke2 Ka5 27.
Ke3 Ka4 28. Kd4 Bd5 29. g5 Kxa3 30. f6 gxf6 31. gxf6 a5 32. Bh5 a4 33. f7 Bxf7
34. Bxf7 b5 35. Kc5 Kb2 36. Kxc6 a3 37. Kxb5 a2 38. Bxc4 a1=Q 39. Bd3 Qa7 40.
c4 Kc3 41. h4 Kd4 42. Kc6 Qc5+ 43. Kd7 h5 44. Ke6 Qe5+ 45. Kf7 Qg3 46. Ke6 Qxh4
*

[Event "Olimpiada de Khanty-Mansiysk 2010"]
[Site "Khanty-Mansiysk RUS"]
[Date "2010.09.23"]
[Round "3.1"]
[White "Rosenbeiger, Alan"]
[Black "Arauz, Samuel"]
[Result "0-1"]
[WhiteElo "2153"]
[BlackElo "2146"]
[PlyCount "92"]
[EventDate "2010.09.21"]
[EventType "team"]
[EventRounds "11"]
[EventCountry "RUS"]
[Source "lmi"]
[SourceDate "2010.09.21"]
[WhiteTeam "Islas del Canal"]
[BlackTeam "TPE"]
[WhiteTeamCountry "JCI"]

1. d4 d5 2. c3 e6 3. Nf3 Bd6 4. Bg5 f6 5. Bh4 c5 6. e3 Qb6 7. b3 Ne7 8. Nbd2
Nbc6 9. Be2 e5 10. dxe5 Nxe5 11. O-O O-O 12. e4 Be6 13. exd5 Bxd5 14. Nxe5 Bxe5
15. Nc4 Bxc4 16. Bxc4+ Kh8 17. Qf3 Rad8 18. Rfe1 Ng6 19. Bg3 Bxg3 20. Qxg3 Ne5
21. Bf1 Qd6 22. h4 Rfe8 23. h5 Re7 24. Re4 f5 25. Re3 Qf6 26. f4 Ng4 27. Rxe7
Qxe7 28. Re1 Qf7 29. Qh4 Re8 30. Be2 Qe6 31. Bxg4 Qxe1+ 32. Qxe1 Rxe1+ 33. Kf2
Ra1 34. Bxf5 Rxa2+ 35. Kf3 Rb2 36. Be6 Rc2 37. g4 Rxc3+ 38. Ke4 b5 39. f5 a5
40. h6 a4 41. bxa4 bxa4 42. Ke5 a3 43. Kd6 Rf3 44. Ke7 Rf2 45. hxg7+ Kxg7 46.
g5 Rxf5 0-1

[Event "Olimpiada de Khanty-Mansiysk 2010"]
[Site "Khanty-Mansiysk RUS"]
[Date "2010.09.23"]
[Round "3"]
[White "Liu, Yeh Yang"]
[Black "Belzo, Krzysztof"]
[Result "0-1"]
[WhiteElo "1818"]
[BlackElo "2007"]
[PlyCount "68"]
[EventDate "2010.09.21"]
[EventType "team"]
[EventRounds "11"]
[EventCountry "RUS"]
[Source "lmi"]
[SourceDate "2010.09.21"]
[WhiteTeam "TPE"]
[BlackTeam "Islas del Canal"]
[BlackTeamCountry "JCI"]

1. e4 g6 2. d4 Bg7 3. c4 c5 4. Be3 cxd4 5. Bxd4 Nf6 6. Nc3 O-O 7. Be2 Nc6 8. e5
Ne8 9. Nf3 d6 10. O-O dxe5 11. Bc5 Nc7 12. Qb3 Ne6 13. Ba3 Ned4 14. Nxd4 Nxd4
15. Qd1 Be6 16. b3 Qa5 17. Qc1 Qxc3 18. Qd1 Nxe2+ 19. Qxe2 Bf6 20. Rfe1 Rfd8
21. Bb2 Qd2 22. Bxe5 Qxe2 23. Rxe2 Bxe5 24. Rxe5 Rd2 25. Ra5 a6 26. c5 Rad8 27.
Kf1 Rc2 28. Ke1 Rdd2 29. c6 Re2+ 30. Kd1 bxc6 31. h3 Rxf2 32. g4 Bd5 33. Rxd5
cxd5 34. a4 Rh2 0-1

[Event "Olimpiada de Khanty-Mansiysk 2010"]
[Site "Khanty-Mansiysk RUS"]
[Date "2010.09.23"]
[Round "3.3"]
[White "Kahn, Tito"]
[Black "Lin, Chieh-Sheng Jason"]
[Result "1-0"]
[WhiteElo "2181"]
[BlackElo "1736"]
[PlyCount "143"]
[EventDate "2010.09.21"]
[EventType "team"]
[EventRounds "11"]
[EventCountry "RUS"]
[Source "lmi"]
[SourceDate "2010.09.21"]
[WhiteTeam "Islas del Canal"]
[BlackTeam "TPE"]
[WhiteTeamCountry "JCI"]

1. c4 Nf6 2. g3 g6 3. Bg2 Bg7 4. Nc3 O-O 5. e3 c5 6. Nge2 Nc6 7. d4 d6 8. O-O
Bd7 9. b3 Qc8 10. Re1 Bh3 11. Bh1 Bg4 12. f3 Bd7 13. Ba3 b6 14. Nd5 Qd8 15. Bb2
Ne8 16. Qd2 e6 17. Ndf4 cxd4 18. exd4 Ne7 19. Nd3 d5 20. Ne5 Nf6 21. Ba3 Re8
22. Rac1 Rc8 23. Bg2 Bc6 24. Nxc6 Nxc6 25. c5 Nd7 26. b4 bxc5 27. dxc5 Nce5 28.
Red1 Rc7 29. f4 Bh6 30. Qd4 Nc6 31. Qd3 Qb8 32. b5 Na5 33. c6 Nf6 34. Bd6 Qb6+
35. Bc5 Qb8 36. a4 Nc4 37. Kh1 Bf8 38. Bd4 Bg7 39. Qc3 Nh5 40. Bxg7 Nxg7 41.
Nd4 Nf5 42. Nxf5 gxf5 43. Bf1 Nd6 44. Qb4 Ne4 45. Kg2 Qb6 46. Rc2 a5 47. Qd4
Qxd4 48. Rxd4 Rb8 49. Rd1 Kf8 50. Rb1 Rb6 51. Bd3 Nf6 52. h3 h5 53. Be2 Ke7 54.
Rg1 Kd6 55. Kf1 d4 56. Bf3 Ne4 57. Kg2 f6 58. Bxh5 Kd5 59. Bf3 d3 60. Rd1 Kd4
61. Be2 Nc5 62. Bxd3 Nxd3 63. Rcd2 Kc3 64. Rxd3+ Kb4 65. Rd4+ Kb3 66. R1d3+ Kb2
67. Re3 Rbxc6 68. bxc6 Rxc6 69. Rd2+ Kc1 70. Rf2 Kd1 71. Ra3 Rc1 72. Rf1+ 1-0

[Event "Olimpiada de Khanty-Mansiysk 2010"]
[Site "Khanty-Mansiysk RUS"]
[Date "2010.09.23"]
[Round "3.4"]
[White "Yang, Ching Wei Austin"]
[Black "Mazurkiewicz, Marcin"]
[Result "0-1"]
[WhiteElo "1695"]
[BlackElo "2000"]
[PlyCount "80"]
[EventDate "2010.09.21"]
[EventType "team"]
[EventRounds "11"]
[EventCountry "RUS"]
[Source "lmi"]
[SourceDate "2010.09.21"]
[WhiteTeam "TPE"]
[BlackTeam "Islas del Canal"]
[BlackTeamCountry "JCI"]

1. e4 d6 2. d4 g6 3. Nf3 Bg7 4. Nc3 Bg4 5. Bc4 e6 6. Be3 Ne7 7. h3 Bxf3 8. Qxf3
a6 9. O-O O-O 10. a4 c6 11. a5 Qc7 12. Rfe1 Nd7 13. Bg5 Rae8 14. Qe3 d5 15.
Bxe7 Rxe7 16. exd5 cxd5 17. Bxd5 Rfe8 18. Bb3 Nb8 19. Ne2 Nc6 20. Ba4 Rd8 21.
Bxc6 bxc6 22. Qa3 e5 23. c3 Red7 24. Qc5 Rb8 25. b4 Rb5 26. Qc4 Qd6 27. Rad1 h5
28. dxe5 Qxd1 29. Rxd1 Rxd1+ 30. Kh2 Rxe5 31. g3 Rd2 32. Nf4 Rxf2+ 33. Kg1 Rc2
34. Nd3 Re3 35. Qxa6 Bxc3 36. Qc8+ Kg7 37. Qd7 Rd2 38. Qxc6 Rdxd3 39. a6 Rd2
40. Kf1 Ra2 0-1

[Event "Olimpiada de Khanty-Mansiysk 2010"]
[Site "Khanty-Mansiysk RUS"]
[Date "2010.09.23"]
[Round "3.1"]
[White "Matoewi, Roger"]
[Black "Marcos, Joselito"]
[Result "1-0"]
[WhiteElo "2151"]
[BlackElo "2115"]
[PlyCount "83"]
[EventDate "2010.09.21"]
[EventType "team"]
[EventRounds "11"]
[EventCountry "RUS"]
[Source "lmi"]
[SourceDate "2010.09.21"]
[WhiteTeam "Surinam"]
[BlackTeam "Papúa Nueva Guinea"]
[WhiteTeamCountry "SUR"]
[BlackTeamCountry "PNG"]

1. e4 c5 2. Nf3 d6 3. d4 cxd4 4. Nxd4 Nf6 5. Nc3 g6 6. Be2 Bg7 7. Be3 Nc6 8.
O-O O-O 9. Nb3 Na5 10. Qd2 Be6 11. Bh6 Rc8 12. Bxg7 Kxg7 13. Qd4 Nc6 14. Qe3 a5
15. Rfd1 Ne5 16. Nd4 Bc4 17. f4 Bxe2 18. fxe5 Bxd1 19. exf6+ exf6 20. Rxd1 Re8
21. Qg3 Rxc3 22. Qxc3 Rxe4 23. Kh1 d5 24. Nf3 Qb6 25. Nd4 Qa6 26. a4 Rf4 27.
Qe3 Re4 28. Qf2 Qc4 29. b3 Qc3 30. h3 f5 31. Nf3 Qc6 32. Ng5 Re5 33. Qd4 f6 34.
Nf3 Re4 35. Qf2 Qc3 36. Rxd5 Qa1+ 37. Kh2 Qc1 38. Rd7+ Kg8 39. Qc5 Qf4+ 40. Kh1
Re8 41. Qd5+ Kh8 42. Qf7 1-0

[Event "Olimpiada de Khanty-Mansiysk 2010"]
[Site "Khanty-Mansiysk RUS"]
[Date "2010.09.23"]
[Round "3.2"]
[White "Press, Shaun"]
[Black "Gajadin, Dewperkash"]
[Result "1/2-1/2"]
[WhiteElo "2093"]
[BlackElo "2179"]
[PlyCount "83"]
[EventDate "2010.09.21"]
[EventType "team"]
[EventRounds "11"]
[EventCountry "RUS"]
[Source "lmi"]
[SourceDate "2010.09.21"]
[WhiteTeam "Papúa Nueva Guinea"]
[BlackTeam "Surinam"]
[WhiteTeamCountry "PNG"]
[BlackTeamCountry "SUR"]

1. e4 e5 2. Bc4 Nc6 3. d3 Bc5 4. Nc3 Nf6 5. f4 d6 6. f5 Na5 7. Bb3 Nxb3 8. axb3
d5 9. Bg5 Bb4 10. Kf1 d4 11. Nd5 Nxd5 12. Bxd8 Ne3+ 13. Ke2 Nxd1 14. Bxc7 Ne3
15. c3 Bc5 16. b4 Be7 17. Bxe5 f6 18. Bxd4 Nc2 19. Rc1 Nxd4+ 20. cxd4 g6 21.
fxg6 hxg6 22. Nf3 Kd8 23. Rc4 b5 24. Rc2 Bg4 25. Ra1 Rxh2 26. Kf2 Bxf3 27. Kxf3
Bxb4 28. Rc6 Be7 29. Rca6 Rc8 30. Rxa7 Rc2 31. Rb7 b4 32. Ra8+ Rc8 33. Rxc8+
Kxc8 34. Rxe7 Rh1 35. d5 Rb1 36. Re6 b3 37. Rb6 Rxb2 38. Ke3 Kc7 39. Rb4 Rb1
40. Kd2 Rb2+ 41. Ke3 g5 42. g4 1/2-1/2

[Event "Olimpiada de Khanty-Mansiysk 2010"]
[Site "Khanty-Mansiysk RUS"]
[Date "2010.09.23"]
[Round "3.3"]
[White "Hanoeman, Suradj"]
[Black "Marko, Helmut"]
[Result "1-0"]
[WhiteElo "1992"]
[BlackElo "2071"]
[PlyCount "61"]
[EventDate "2010.09.21"]
[EventType "team"]
[EventRounds "11"]
[EventCountry "RUS"]
[Source "lmi"]
[SourceDate "2010.09.21"]
[WhiteTeam "Surinam"]
[BlackTeam "Papúa Nueva Guinea"]
[WhiteTeamCountry "SUR"]
[BlackTeamCountry "PNG"]

1. d4 d5 2. c4 c6 3. Nc3 Nf6 4. Bg5 e6 5. cxd5 exd5 6. Qc2 Be7 7. e3 Bg4 8. Bd3
Nbd7 9. Nge2 Bxe2 10. Nxe2 h6 11. Bh4 O-O 12. O-O Nh5 13. Bxe7 Qxe7 14. Rae1
Rae8 15. Nc3 Nhf6 16. f3 Qd6 17. Qf2 c5 18. Ne2 c4 19. Bb1 Qb6 20. Ng3 g6 21.
h3 Kg7 22. Kh1 Qe6 23. e4 b5 24. e5 Ng8 25. f4 f5 26. exf6+ Qxf6 27. f5 Qd6 28.
Rxe8 Rxe8 29. fxg6 Kh8 30. Qf7 Ngf6 31. g7# 1-0

[Event "Olimpiada de Khanty-Mansiysk 2010"]
[Site "Khanty-Mansiysk RUS"]
[Date "2010.09.23"]
[Round "3.4"]
[White "Jones, Rupert"]
[Black "Veer, Willem"]
[Result "1/2-1/2"]
[WhiteElo "1953"]
[BlackElo "1957"]
[PlyCount "65"]
[EventDate "2010.09.21"]
[EventType "team"]
[EventRounds "11"]
[EventCountry "RUS"]
[Source "lmi"]
[SourceDate "2010.09.21"]
[WhiteTeam "Papúa Nueva Guinea"]
[BlackTeam "Surinam"]
[WhiteTeamCountry "PNG"]
[BlackTeamCountry "SUR"]

1. e4 e6 2. d4 d5 3. e5 c5 4. c3 Nc6 5. Nf3 Qb6 6. a3 Bd7 7. b4 cxd4 8. cxd4 a6
9. Be3 Nge7 10. Bd3 Rc8 11. O-O Na7 12. Qd2 Bb5 13. Nc3 Bxd3 14. Qxd3 Nb5 15.
Nxb5 Qxb5 16. Qxb5+ axb5 17. Rfc1 Rxc1+ 18. Rxc1 Nc6 19. Nd2 Kd7 20. f4 g6 21.
Kf2 Be7 22. Nf3 Ra8 23. Rc3 h5 24. h3 Rc8 25. Rc1 Ra8 26. Rc3 Rc8 27. Rc1 Na7
28. Rxc8 Nxc8 29. g4 hxg4 30. hxg4 Nb6 31. g5 Bd8 32. Ke2 Bc7 33. Kd3 1/2-1/2

[Event "Olimpiada de Khanty-Mansiysk 2010"]
[Site "Khanty-Mansiysk RUS"]
[Date "2010.09.23"]
[Round "3.1"]
[White "Dekker, Marvin"]
[Black "Chumfwa, Stanley"]
[Result "1/2-1/2"]
[WhiteElo "2097"]
[BlackElo "2315"]
[PlyCount "61"]
[EventDate "2010.09.21"]
[EventType "team"]
[EventRounds "11"]
[EventCountry "RUS"]
[Source "lmi"]
[SourceDate "2010.09.21"]
[WhiteTeam "Antillas Holandesas"]
[BlackTeam "Zambia"]
[WhiteTeamCountry "AHO"]
[BlackTeamCountry "ZAM"]

1. c4 Nf6 2. Nc3 g6 3. g3 Bg7 4. Nf3 O-O 5. Bg2 d6 6. O-O Nc6 7. Rb1 e5 8. d3
a5 9. a3 h6 10. b4 axb4 11. axb4 Be6 12. b5 Ne7 13. Bb2 Qd7 14. Re1 Nh7 15. Nd2
c6 16. Qc2 f5 17. Ra1 d5 18. Rxa8 Rxa8 19. Na4 Qd6 20. c5 Qd8 21. b6 Ra6 22.
Ra1 Qa8 23. e4 Nf8 24. f4 dxe4 25. dxe4 Qb8 26. Nc4 exf4 27. Bxg7 Kxg7 28. Qc3+
Kg8 29. Nd6 fxe4 30. Bxe4 Nd5 31. Qe5 1/2-1/2

[Event "Olimpiada de Khanty-Mansiysk 2010"]
[Site "Khanty-Mansiysk RUS"]
[Date "2010.09.23"]
[Round "3.2"]
[White "Jere, Daniel"]
[Black "Maduro, Sherman"]
[Result "1-0"]
[WhiteElo "2267"]
[BlackElo "2009"]
[PlyCount "109"]
[EventDate "2010.09.21"]
[EventType "team"]
[EventRounds "11"]
[EventCountry "RUS"]
[Source "lmi"]
[SourceDate "2010.09.21"]
[WhiteTeam "Zambia"]
[BlackTeam "Antillas Holandesas"]
[WhiteTeamCountry "ZAM"]
[BlackTeamCountry "AHO"]

1. c4 Nf6 2. g3 g6 3. Bg2 Bg7 4. Nc3 O-O 5. e4 e5 6. Nge2 Nc6 7. O-O d6 8. f4
Be6 9. d3 Qd7 10. Nd5 Ne8 11. Be3 Kh8 12. Qd2 f5 13. exf5 gxf5 14. d4 e4 15.
Nec3 a5 16. b3 Nb4 17. Nxb4 axb4 18. Ne2 c5 19. g4 Qe7 20. Ng3 b6 21. Rad1 Ra3
22. gxf5 Bxf5 23. dxc5 bxc5 24. Qd5 Qe6 25. Nxf5 Qxf5 26. Qxf5 Rxf5 27. Bxe4
Rf7 28. Bb1 Re7 29. Bf2 Bc3 30. Kg2 Ra6 31. Kf3 Nf6 32. Rg1 Rg7 33. Rg5 Rxg5
34. fxg5 Nd7 35. h4 Kg7 36. Be3 Ne5+ 37. Kg3 Ng6 38. h5 Ne7 39. Bf4 Bd4 40. h6+
Kg8 41. Re1 Ng6 42. Bxg6 hxg6 43. Re6 Kf7 44. Rxd6 Rxa2 45. Rd8 Ra3 46. h7
Rxb3+ 47. Kg4 Bb2 48. h8=Q Bxh8 49. Rxh8 Rc3 50. Rh7+ Ke6 51. Rg7 Rxc4 52.
Rxg6+ Kd5 53. Rd6+ Ke4 54. g6 Rc2 55. g7 1-0

[Event "Olimpiada de Khanty-Mansiysk 2010"]
[Site "Khanty-Mansiysk RUS"]
[Date "2010.09.23"]
[Round "3.2"]
[White "Urbina, Ricardo"]
[Black "Grassi, Enrico"]
[Result "1-0"]
[WhiteElo "2226"]
[BlackElo "2053"]
[PlyCount "57"]
[EventDate "2010.09.21"]
[EventType "team"]
[EventRounds "11"]
[EventCountry "RUS"]
[Source "lmi"]
[SourceDate "2010.09.21"]
[WhiteTeam "Honduras"]
[BlackTeam "San Marino"]
[WhiteTeamCountry "HON"]
[BlackTeamCountry "SMR"]

1. e4 d5 2. exd5 Qxd5 3. Nc3 Qa5 4. Bc4 Nf6 5. d4 c6 6. Nf3 Bf5 7. Bd2 e6 8.
Ne5 Nbd7 9. Nd5 Qd8 10. Nxf6+ Nxf6 11. c3 Be7 12. g4 Be4 13. f3 Bd5 14. Bd3 c5
15. Bb5+ Kf8 16. g5 Ne8 17. c4 Nd6 18. a4 a6 19. cxd5 axb5 20. dxc5 Nc4 21.
Nxc4 bxc4 22. d6 Bxg5 23. Bxg5 Qxg5 24. Qd4 Qd5 25. Qxd5 exd5 26. O-O-O Ke8 27.
Rhe1+ Kd7 28. Re7+ Kc6 29. Rc7# 1-0

[Event "Olimpiada de Khanty-Mansiysk 2010"]
[Site "Khanty-Mansiysk RUS"]
[Date "2010.09.23"]
[Round "3.3"]
[White "Cecchetti, Roberto"]
[Black "Huguet, Sergio"]
[Result "0-1"]
[WhiteElo "1930"]
[BlackElo "2142"]
[PlyCount "62"]
[EventDate "2010.09.21"]
[EventType "team"]
[EventRounds "11"]
[EventCountry "RUS"]
[Source "lmi"]
[SourceDate "2010.09.21"]
[WhiteTeam "San Marino"]
[BlackTeam "Honduras"]
[WhiteTeamCountry "SMR"]
[BlackTeamCountry "HON"]

1. d4 Nf6 2. Nf3 g6 3. Bf4 Bg7 4. e3 O-O 5. Be2 d6 6. h3 Nbd7 7. O-O b6 8. a4
a5 9. Na3 Bb7 10. Nb5 Ne4 11. c3 e6 12. Rc1 Kh8 13. Nd2 f5 14. Nxe4 Bxe4 15.
Bf3 Nf6 16. Bg5 Bxf3 17. Qxf3 Qd7 18. Bxf6 Bxf6 19. Qb7 Rfc8 20. Qf3 c6 21. Na3
b5 22. axb5 cxb5 23. c4 b4 24. Nb5 d5 25. Qg3 Rxc4 26. Nd6 Rxc1 27. Rxc1 Rd8
28. Rc6 Qxc6 29. Nf7+ Kg8 30. Nxd8 Bxd8 31. Qb8 Qc1+ 0-1

[Event "Olimpiada de Khanty-Mansiysk 2010"]
[Site "Khanty-Mansiysk RUS"]
[Date "2010.09.23"]
[Round "3.3"]
[White "Abelgas, Rodolfo Varron"]
[Black "Ayyad, Maher"]
[Result "0-1"]
[WhiteElo "1926"]
[BlackElo "2160"]
[PlyCount "88"]
[EventDate "2010.09.21"]
[EventType "team"]
[EventRounds "11"]
[EventCountry "RUS"]
[Source "lmi"]
[SourceDate "2010.09.21"]
[WhiteTeam "Macao"]
[BlackTeam "BRN"]
[WhiteTeamCountry "MAC"]

1. e4 c5 2. Nf3 e6 3. d4 cxd4 4. Nxd4 Nf6 5. Nc3 Nc6 6. Nxc6 bxc6 7. e5 Nd5 8.
Ne4 Qc7 9. Qh5 g6 10. Qg5 Be7 11. Nf6+ Nxf6 12. exf6 h6 13. Qg3 Qxg3 14. hxg3
Bxf6 15. c3 Bg7 16. g4 Ke7 17. Bd3 d5 18. g5 hxg5 19. Bxg5+ f6 20. Rxh8 Bxh8
21. Be3 Kf7 22. Kd2 Bg7 23. Rh1 f5 24. g4 e5 25. gxf5 Bxf5 26. Rh7 Kg8 27. Rh4
a5 28. Ra4 e4 29. Be2 Be5 30. b4 Bc7 31. b5 Bd7 32. b6 Bd8 33. b7 Rb8 34. Ba6
c5 35. Rxa5 Bxa5 36. Bf4 Rf8 37. b8=Q Rxb8 38. Bxb8 d4 39. Bc4+ Kh7 40. Kc1
Bxc3 41. a3 g5 42. Ba7 d3 43. Bb3 Bd4 44. Bd5 Bf5 0-1